Slovník sociální práce

Gespeichert in:
Bibliographische Detailangaben
1. Verfasser: Matoušek, Oldřich
Format: Buch
Sprache:Tschechisch
Veröffentlicht: Praha Portál 2008
Ausgabe:2. přeprac. vyd.
Schlagworte:
Tags: Tag hinzufügen
Keine Tags, Fügen Sie das erste Tag hinzu!

MARC

LEADER 00000nam a2200000 4500
001 0173865
005 20221207101320.8
020 |a 978-80-7367-368-0 
041 0 |a cze 
044 |a CZ 
245 1 0 |a Slovník sociální práce  |c Oldřich Matoušek 
250 |a 2. přeprac. vyd. 
264 1 |a Praha  |b Portál  |c 2008 
300 |a 271 s. 
610 2 0 |a práca sociálna 
610 2 0 |a služby sociálne 
610 2 0 |a politika sociálna 
610 2 0 |a zabezpečenie sociálne 
610 2 0 |a starostlivosť sociálna 
100 1 |a Matoušek, Oldřich